|
|
|
|
| LEADER |
00975nab#a2200361#ar4500 |
| 001 |
000124617 |
| 003 |
SVKKK |
| 005 |
20181205103832.0 |
| 008 |
130826c2018 xo |||||||||||||||b|slo |
| FMT |
|
|
|
| 015 |
|
|
|a SNBRB2018/12
|
| 038 |
|
|
|a SVKKK
|
| 040 |
|
|
|a SVKKK
|b slo
|e AACR2
|
| 041 |
0 |
|
|a slo
|
| 044 |
|
|
|a xo
|c SK
|
| 080 |
|
|
|a 82-95
|x (437.6)
|2 2011
|
| 080 |
|
|
|a 391
|x (437.6)
|2 2011
|
| 100 |
1 |
|
|a Kollár, Daniel
|4 aut
|
| 245 |
1 |
0 |
|a Odetí do krásy
|c Daniel Kollár
|
| 650 |
0 |
4 |
|a ľudový odev
|x tradície
|
| 650 |
0 |
4 |
|a folklór
|
| 650 |
0 |
4 |
|a recenzie
|
| 655 |
|
4 |
|a recenzie
|
| 787 |
0 |
4 |
|i Rec.:
|a Kucbeľová, Jana
|t Odetí do krásy
|d Bratislava : Ikar, 2018
|z 978-80-551-5985-0
|
| 773 |
0 |
|
|t Krásy Slovenska
|g Roč. 95, č. 9-10 (2018), s. 23
|x 0323-0643
|
| 958 |
|
|
|a RK
|
| 974 |
|
|
|a MI
|
| 992 |
|
|
|a RBX
|
| BAS |
|
|
|
| 852 |
|
|
|a SVKKK
|b BIB
|
| 856 |
4 |
1 |
|u http://www.krasy-slovenska.eu/articles/view/2192/Odet%C3%AD%20do%20kr%C3%A1sy
|
| EXP |
|
|
|
| 998 |
|
|
|a SLO
|